000 00397nam a2200169Ia 4500
001 6050
003 IN-NITTTR
005 20251114233015.0
008 251113s9999||||xx |||||||||||||| ||eng||
040 _beng
040 _cIN-NITTTR
041 _aeng
082 _a621.37 S76B
100 _aStout, Melville B.
245 0 _aBasic electrical measurements. /
_cStout, Melville B.
942 _2ddc
_cBK
999 _c8688
_d8688